<?xml version="1.0" encoding="UTF-8"?>
<record
    xmlns:xsi="http://www.w3.org/2001/XMLSchema-instance"
    xsi:schemaLocation="http://www.loc.gov/MARC21/slim http://www.loc.gov/standards/marcxml/schema/MARC21slim.xsd"
    xmlns="http://www.loc.gov/MARC21/slim">

  <leader>03628cam a22004454a 4500</leader>
  <controlfield tag="001">16596769</controlfield>
  <controlfield tag="003">PILC</controlfield>
  <controlfield tag="005">20151105085321.0</controlfield>
  <controlfield tag="008">110103s2011    enka     b    001 0 eng  </controlfield>
  <datafield tag="010" ind1=" " ind2=" ">
    <subfield code="a">  2010051717</subfield>
  </datafield>
  <datafield tag="016" ind1="7" ind2=" ">
    <subfield code="a">101549390</subfield>
    <subfield code="2">DNLM</subfield>
  </datafield>
  <datafield tag="020" ind1=" " ind2=" ">
    <subfield code="a">9780521164849 (pbk.)</subfield>
  </datafield>
  <datafield tag="020" ind1=" " ind2=" ">
    <subfield code="a">0521164842 (pbk.)</subfield>
  </datafield>
  <datafield tag="035" ind1=" " ind2=" ">
    <subfield code="a">(OCoLC)ocn671710663</subfield>
  </datafield>
  <datafield tag="040" ind1=" " ind2=" ">
    <subfield code="a">DLC</subfield>
    <subfield code="c">DLC</subfield>
    <subfield code="d">YDX</subfield>
    <subfield code="d">BTCTA</subfield>
    <subfield code="d">YDXCP</subfield>
    <subfield code="d">CDX</subfield>
    <subfield code="d">NLM</subfield>
    <subfield code="d">DLC</subfield>
  </datafield>
  <datafield tag="042" ind1=" " ind2=" ">
    <subfield code="a">pcc</subfield>
  </datafield>
  <datafield tag="050" ind1="0" ind2="0">
    <subfield code="a">RC 512</subfield>
    <subfield code="b">.C356 2011</subfield>
  </datafield>
  <datafield tag="060" ind1="0" ind2="0">
    <subfield code="a">2011 F-063</subfield>
  </datafield>
  <datafield tag="060" ind1="1" ind2="0">
    <subfield code="a">WM 200</subfield>
  </datafield>
  <datafield tag="082" ind1="0" ind2="0">
    <subfield code="a">616.89</subfield>
  </datafield>
  <datafield tag="084" ind1=" " ind2=" ">
    <subfield code="a">MED102000</subfield>
    <subfield code="2">bisacsh</subfield>
  </datafield>
  <datafield tag="100" ind1="1" ind2=" ">
    <subfield code="a">Cardinal, Rudolf N.</subfield>
  </datafield>
  <datafield tag="245" ind1="1" ind2="4">
    <subfield code="a">The diagnosis of psychosis /</subfield>
    <subfield code="c">Rudolf N. Cardinal, Edward T. Bullmore.</subfield>
  </datafield>
  <datafield tag="260" ind1=" " ind2=" ">
    <subfield code="a">Cambridge, UK ;</subfield>
    <subfield code="a">New York :</subfield>
    <subfield code="b">Cambridge University Press,</subfield>
    <subfield code="c">2011.</subfield>
  </datafield>
  <datafield tag="300" ind1=" " ind2=" ">
    <subfield code="a">xxv, 373 pages :</subfield>
    <subfield code="b">illustrations ;</subfield>
    <subfield code="c">24 cm.</subfield>
  </datafield>
  <datafield tag="490" ind1="1" ind2=" ">
    <subfield code="a">Cambridge medicine</subfield>
  </datafield>
  <datafield tag="500" ind1=" " ind2=" ">
    <subfield code="a">Includes bibliographical references and index.</subfield>
  </datafield>
  <datafield tag="505" ind1="8" ind2=" ">
    <subfield code="a">Machine generated contents note: Abbreviations and symbols; Preface; Acknowledgements; Part I. The Causes of Psychosis: 1. Introduction; 2. Methods; 3. Delirium; 4. Neurodevelopmental disorders and chromosomal abnormalities; 5. Neurodegenerative disorders; 6. Focal neurological disease; 7. Malignancy; 8. Infectious and postinfectious syndromes; 9. Endocrine disease; 10. Inborn errors of metabolism; 11. Nutritional deficiency; 12. Other acquired metabolic disorders; 13. Autoimmune rheumatic disorders and vasculitides; 14. Other autoimmune encephalopathies; 15. Poisoning; 16. Sleep disorders; 17. Sensory deprivation and impairment; 18. Miscellaneous; 19. Catatonia; 20. Agitation and bizarre behaviour; 21. Primary psychiatric disease; 22. Factitious disorder and malingering; 23. Multiple simultaneous causes of psychosis, and questions of causality; Part II. A Clinical Approach to the Diagnosis of Psychosis: 24. History and examination; 25. Initial investigations relevant to psychosis; 26; Putting it together: clinical and paraclinical clues; 27. Further investigations relevant to psychosis; 28. Classificatory approach for psychosis of unknown aetiology; 29. Conclusion; 30. Appendices; 31. References; Index.</subfield>
  </datafield>
  <datafield tag="520" ind1=" " ind2=" ">
    <subfield code="a">"Psychosis has many causes. Psychiatrists typically receive the most thorough training in its diagnosis, but the diagnosis of psychosis secondary to nonpsychiatric conditions is not often emphasized. An understanding of the underlying cause of psychosis is important for effective management. The Diagnosis of Psychosis bridges the gap between psychiatry and medicine, providing a comprehensive review of primary and secondary causes of psychosis. It covers both common and rare causes in a clinically focused guide. Useful both for teaching and reference, the text covers physical and mental state examination, describes key investigations, and summarizes the non-psychiatric features of medical conditions causing psychosis. Particularly relevant for psychiatrists and trainees in psychiatry, this volume will also assist neurologists and general physicians who encounter psychosis in their practice"--</subfield>
  </datafield>
  <datafield tag="650" ind1=" " ind2="0">
    <subfield code="a">Psychoses</subfield>
    <subfield code="x">Diagnosis.</subfield>
  </datafield>
  <datafield tag="650" ind1=" " ind2="0">
    <subfield code="a">Physicians (General practice)</subfield>
  </datafield>
  <datafield tag="650" ind1="1" ind2="2">
    <subfield code="a">Psychotic Disorders</subfield>
    <subfield code="x">diagnosis.</subfield>
  </datafield>
  <datafield tag="650" ind1="2" ind2="2">
    <subfield code="a">Psychotic Disorders</subfield>
    <subfield code="x">etiology.</subfield>
  </datafield>
  <datafield tag="700" ind1="1" ind2=" ">
    <subfield code="a">Bullmore, Edward T.</subfield>
  </datafield>
  <datafield tag="830" ind1=" " ind2="0">
    <subfield code="a">Cambridge medicine.</subfield>
  </datafield>
  <datafield tag="856" ind1="4" ind2="2">
    <subfield code="3">Cover image</subfield>
    <subfield code="u">http://assets.cambridge.org/97805211/64849/cover/9780521164849.jpg</subfield>
  </datafield>
  <datafield tag="906" ind1=" " ind2=" ">
    <subfield code="a">7</subfield>
    <subfield code="b">cbc</subfield>
    <subfield code="c">orignew</subfield>
    <subfield code="d">1</subfield>
    <subfield code="e">ecip</subfield>
    <subfield code="f">20</subfield>
    <subfield code="g">y-gencatlg</subfield>
  </datafield>
  <datafield tag="942" ind1=" " ind2=" ">
    <subfield code="2">lcc</subfield>
    <subfield code="c">BK</subfield>
    <subfield code="k">FOR</subfield>
  </datafield>
  <datafield tag="999" ind1=" " ind2=" ">
    <subfield code="c">288893</subfield>
    <subfield code="d">288893</subfield>
  </datafield>
  <datafield tag="952" ind1=" " ind2=" ">
    <subfield code="0">0</subfield>
    <subfield code="1">0</subfield>
    <subfield code="2">lcc</subfield>
    <subfield code="4">0</subfield>
    <subfield code="a">CL</subfield>
    <subfield code="b">CL</subfield>
    <subfield code="c">GC</subfield>
    <subfield code="d">2015-11-05</subfield>
    <subfield code="e">Library Fund</subfield>
    <subfield code="g">4845.00</subfield>
    <subfield code="l">1</subfield>
    <subfield code="o">RC 512 .C356 2011</subfield>
    <subfield code="p">C20222</subfield>
    <subfield code="r">2018-05-15 00:00:00</subfield>
    <subfield code="s">2017-08-17</subfield>
    <subfield code="w">2015-11-05</subfield>
    <subfield code="y">BK</subfield>
  </datafield>
</record>
